000
00229 a2200097 4500
001
27957
100
_a
Carter, E F
245
_a
Dictionary of inventions and discoveries
260
_a
_b
Frederick Muller
_c
090
_c
18665
_d
18665
942
_a
NUST-CAE
_c
M
_c
9630
999
_c
263030
_d
263030